MARC details
| 000 -LEADER |
| fixed length control field |
01735cam a2200409 i 4500 |
| 001 - CONTROL NUMBER |
| control field |
6815222 |
| 003 - CONTROL NUMBER IDENTIFIER |
| control field |
OCoLC |
| 005 - DATE AND TIME OF LATEST TRANSACTION |
| control field |
20210205114954.0 |
| 008 - FIXED-LENGTH DATA ELEMENTS--GENERAL INFORMATION |
| fixed length control field |
800923m19831985nyu b 001 0 eng |
| 010 ## - LIBRARY OF CONGRESS CONTROL NUMBER |
| LC control number |
80002443 |
| 020 ## - INTERNATIONAL STANDARD BOOK NUMBER |
| International Standard Book Number |
0385096305 |
| Qualifying information |
(v. 1) |
| 020 ## - INTERNATIONAL STANDARD BOOK NUMBER |
| International Standard Book Number |
9780385096300 |
| Qualifying information |
(v. 1) |
| 020 ## - INTERNATIONAL STANDARD BOOK NUMBER |
| International Standard Book Number |
0385188137 |
| Qualifying information |
(v. 2) |
| 020 ## - INTERNATIONAL STANDARD BOOK NUMBER |
| International Standard Book Number |
9780385188135 |
| Qualifying information |
(v. 2) |
| 035 ## - SYSTEM CONTROL NUMBER |
| System control number |
(OCoLC)6815222 |
| Canceled/invalid control number |
(OCoLC)10473535 |
| -- |
(OCoLC)778920473 |
| -- |
(OCoLC)871379710 |
| -- |
(OCoLC)871512120 |
| 040 ## - CATALOGING SOURCE |
| Original cataloging agency |
DLC |
| Language of cataloging |
eng |
| Transcribing agency |
DLC |
| Modifying agency |
MUQ |
| -- |
BAKER |
| -- |
NLGGC |
| -- |
BTCTA |
| -- |
YDXCP |
| -- |
ITC |
| -- |
GEBAY |
| -- |
SGB |
| -- |
LMR |
| -- |
UIU |
| -- |
OCLCF |
| -- |
IG# |
| -- |
OCLCQ |
| -- |
CFT |
| -- |
TUU |
| -- |
OCLCQ |
| 041 1# - LANGUAGE CODE |
| Language code of text/sound track or separate title |
eng |
| Language code of original |
mul |
| 049 ## - LOCAL HOLDINGS (OCLC) |
| Holding library |
OSUU |
| 050 ## - LIBRARY OF CONGRESS CALL NUMBER |
| Item number |
C477O |
| 082 ## - DEWEY DECIMAL CLASSIFICATION NUMBER |
| Item number |
C477O |
| 090 ## - LOCALLY ASSIGNED LC-TYPE CALL NUMBER (OCLC); LOCAL CALL NUMBER (RLIN) |
| Classification number (OCLC) (R) ; Classification number, CALL (RLIN) (NR) |
BS1830 |
| Local cutter number (OCLC) ; Book number/undivided call number, CALL (RLIN) |
.A3 1983 |
| 245 04 - TITLE STATEMENT |
| Title |
The Old Testament pseudepigrapha / |
| Statement of responsibility, etc. |
edited by James H. Charlesworth |
| 250 ## - EDITION STATEMENT |
| Edition statement |
1st ed |
| 260 ## - PUBLICATION, DISTRIBUTION, ETC. |
| Place of publication, distribution, etc. |
Garden City, N.Y. : |
| Name of publisher, distributor, etc. |
Doubleday, |
| Date of publication, distribution, etc. |
1983-1985 |
| 300 ## - PHYSICAL DESCRIPTION |
| Extent |
2 volumes ; |
| Dimensions |
24 cm |
| 336 ## - CONTENT TYPE |
| Content type term |
text |
| Content type code |
txt |
| Source |
rdacontent |
| 337 ## - MEDIA TYPE |
| Media type term |
unmediated |
| Media type code |
n |
| Source |
rdamedia |
| 338 ## - CARRIER TYPE |
| Carrier type term |
volume |
| Carrier type code |
nc |
| Source |
rdacarrier |
| 504 ## - BIBLIOGRAPHY, ETC. NOTE |
| Bibliography, etc. note |
Includes bibliographical references and index |
| 505 0# - FORMATTED CONTENTS NOTE |
| Formatted contents note |
v. 1. Apocalyptic literature and testaments -- v. 2. Expansions of the "Old Testament" and legends, wisdom and philosophical literature, prayers, psalms, and odes, fragments of lost Judeo-Hellenistic works |
| 520 ## - SUMMARY, ETC. |
| Summary, etc. |
Expansions of the "Old Testament" and legends, wisdom and philosophical literature, prayers, psalms and odes, and fragments of lost Judeo-Hellenistic works |
| 650 #0 - SUBJECT ADDED ENTRY--TOPICAL TERM |
| Topical term or geographic name entry element |
Apocryphal books (Old Testament) |
| 650 #0 - SUBJECT ADDED ENTRY--TOPICAL TERM |
| Topical term or geographic name entry element |
Apocryphal books (Old Testament) |
| General subdivision |
Criticism, interpretation, etc |
| 655 #7 - INDEX TERM--GENRE/FORM |
| Genre/form data or focus term |
Criticism, interpretation, etc. |
| Source of term |
fast |
| Authority record control number or standard number |
(OCoLC)fst01411635 |
| 700 1# - ADDED ENTRY--PERSONAL NAME |
| Personal name |
Charlesworth, James H |
| 942 ## - ADDED ENTRY ELEMENTS (KOHA) |
| Source of classification or shelving scheme |
Dewey Decimal Classification |
| Koha item type |
Books |